Océano color (Registro nro. 16173)
[ vista simple ]
| 000 -CABECERA | |
|---|---|
| Longitud fija campo de control | 00825nam a22002415b 4500 |
| 001 - NÚMERO DE CONTROL | |
| Número de control | bimo0000608571 |
| 003 - IDENTIFICADOR DELl NÚMERO DE CONTROL | |
| Identificador del número de control | OSt |
| 005 - FECHA Y HORA DE LA ÚLTIMA TRANSACCIÓN | |
| Fecha y hora de la última transacción | 20141206093107.0 |
| 008 - CÓDIGOS DE INFORMACIÓN DE LONGITUD FIJA | |
| Códigos de información de longitud fija | 970416s2000 sp | |||| ||spa |
| 020 ## - NÚMERO INTERNACIONAL NORMALIZADO PARA LIBROS | |
| Número Internacional Normalizado para Libros (ISBN) | 84-7764-793-3 (obra completa) |
| 040 ## - FUENTE DE LA CATALOGACIÓN | |
| Centro transcriptor | BMC |
| 082 ## - NÚMERO DE LA CLASIFICACIÓN DECIMAL DEWEY | |
| Númeroo de clasificación | 030.083 |
| 082 ## - NÚMERO DE LA CLASIFICACIÓN DECIMAL DEWEY | |
| Númeroo de clasificación | 413 |
| 130 00 - PUNTO DE ACCESO PRINCIPAL-TÍTULO UNIFORME | |
| Título uniforme | Océano color |
| 245 ## - MENCIÓN DE TÍTULO | |
| Título | Océano color |
| Resto del título | : diccionario enciclopédico universal |
| 260 ## - PUBLICACIÓN, DISTRIBUCIÓN, ETC. (PIE DE IMPRENTA) | |
| Lugar de publicación, distribución, etc. | Barcelona |
| Nombre del editor, distribuidor, etc. | Océano |
| Fecha de publicación, distribución, etc. | 2000 |
| 300 ## - DESCRIPCIÓN FÍSICA | |
| Extensión | 6 v. |
| Otras características físicas | il. col. |
| Dimensiones | 27 cm |
| 505 0# - NOTA DE CONTENIDO CON FORMATO | |
| Nota de contenido con formato | V.1. A-casamiento.- V. 2. Casampulga-escombrera. V. 3. Escómbrido-jurado.- V. 4. Jurador-parmeliáceo.- V. 5. Parménides-semantema V. 6. Semántica-Zworikin, apéndices, atlas mundial |
| 650 24 - PUNTO DE ACCESO ADICIONAL DE MATERIA - TÉRMINO DE MATERIA | |
| Término de materia o nombre geográfico como elemento inicial | Enciclopedias infantiles y juveniles |
| 9 (RLIN) | 17382 |
| 650 24 - PUNTO DE ACCESO ADICIONAL DE MATERIA - TÉRMINO DE MATERIA | |
| Término de materia o nombre geográfico como elemento inicial | Diccionarios |
| 9 (RLIN) | 19710 |
| 710 2# - PUNTO DE ACCESO ADICIONAL - NOMBRE DE ENTIDAD | |
| Nombre de entidad o nombre de jurisdicción como elemento inicial | Ediciones Océano |
| 942 ## - ENTRADA DE ELEMENTOS AGREGADOS (KOHA) | |
| Fuente de clasificaión o esquema | Dewey Decimal Classification |
| Koha [por defecto] tipo de item | 1- Monografias |
| Suprimido | Perdido | Fuente de clasificación o esquema | Estropeado | Restricciones de uso | No para préstamo | Código de colección | Localización permanente | Localización actual | Localización en estanter&íacute;as | Fecha adquisición | Fuente de adquisición | Número de inventario | Préstamos totales | Signatura completa | Código de barras | Fecha última consulta | Fecha último préstamo | Fecha del precio de reemplazo | Tipo de item de Koha |
|---|---|---|---|---|---|---|---|---|---|---|---|---|---|---|---|---|---|---|---|
| NULL | NULL | Dewey Decimal Classification | NULL | Prestable | NULL | NULL | Biblioteca Miguel de Cervantes - UNICAES | Biblioteca Miguel de Cervantes - UNICAES | Sala Principal | 27/11/2014 | Donación - Pedro Guzman | 025223 | 1 | 030.083 OCE (v. 1) | 1025633 | 19/02/2016 | 19/02/2016 | 27/11/2014 | 1- Monografias |
| NULL | NULL | Dewey Decimal Classification | NULL | Prestable | NULL | NULL | Biblioteca Miguel de Cervantes - UNICAES | Biblioteca Miguel de Cervantes - UNICAES | Sala Principal | 27/11/2014 | Donación - Pedro Guzman | 025224 | 1 | 030.083 OCE (v. 2) | 1025634 | 19/02/2016 | 19/02/2016 | 27/11/2014 | 1- Monografias |
| NULL | NULL | Dewey Decimal Classification | NULL | Prestable | NULL | NULL | Biblioteca Miguel de Cervantes - UNICAES | Biblioteca Miguel de Cervantes - UNICAES | Sala Principal | 27/11/2014 | Donación - Pedro Guzman | 025225 | 1 | 030.083 OCE (v. 3) | 1025635 | 19/02/2016 | 19/02/2016 | 27/11/2014 | 1- Monografias |
| NULL | NULL | Dewey Decimal Classification | NULL | Prestable | NULL | NULL | Biblioteca Miguel de Cervantes - UNICAES | Biblioteca Miguel de Cervantes - UNICAES | Sala Principal | 27/11/2014 | Donación - Pedro Guzman | 025226 | 030.083 OCE (v. 4) | 1025636 | 27/11/2014 | 27/11/2014 | 1- Monografias | ||
| NULL | NULL | Dewey Decimal Classification | NULL | Prestable | NULL | NULL | Biblioteca Miguel de Cervantes - UNICAES | Biblioteca Miguel de Cervantes - UNICAES | Sala Principal | 27/11/2014 | Donación - Pedro Guzman | 025227 | 030.083 OCE (v. 5) | 1025637 | 27/11/2014 | 27/11/2014 | 1- Monografias | ||
| NULL | NULL | Dewey Decimal Classification | NULL | Prestable | NULL | NULL | Biblioteca Miguel de Cervantes - UNICAES | Biblioteca Miguel de Cervantes - UNICAES | Sala Principal | 27/11/2014 | Donación - Pedro Guzmán | 025228 | 030.083 OCE (v. 6) | 1025638 | 27/11/2014 | 27/11/2014 | 1- Monografias |